| 000 | 00991pam a2200337 i 4500 | ||
|---|---|---|---|
| 999 |
_c763 _d763 |
||
| 001 | 017434004 | ||
| 003 | Uk | ||
| 005 | 20191209101935.0 | ||
| 008 | 150513r20151937enk 000|1|eng|d | ||
| 015 |
_aGBB587567 _2bnb |
||
| 016 | 7 |
_a017434004 _2Uk |
|
| 020 | _a9780008129569 (pbk.) : | ||
| 040 |
_aStDuBDS _beng _cStDuBDS _dUk _erda |
||
| 042 | _aukblcatcopy | ||
| 082 | _aFIC CHR | ||
| 100 | 1 |
_aChristie, Agatha, _d1890-1976, _eauthor. |
|
| 245 | 1 | 0 |
_aDumb witness / _cAgatha Christie. |
| 264 | 1 |
_aLondon : _bHarper, _c2015. |
|
| 264 | 4 | _c©1937 | |
| 300 |
_a327 pages ; _c20 cm. |
||
| 336 |
_atext _2rdacontent |
||
| 337 |
_aunmediated _2rdamedia |
||
| 338 |
_avolume _2rdacarrier |
||
| 490 | 0 | _aPoirot | |
| 500 | _aOriginally published: London: Collins, 1937. | ||
| 500 |
_aFormerly CIP. _5Uk |
||
| 600 | 1 | 0 |
_aPoirot, Hercule _c(Fictitious character) _vFiction. |
| 650 | 0 |
_aPrivate investigators _zBelgium _vFiction. |
|
| 655 | 0 | _aDetective and mystery stories. | |
| 942 |
_2ddc _cFIC |
||